000 00722nam a2200241 i 4500
001 88776
003 ES-MaACL
005 20230906175929.0
007 t|
008 041215s2001 sp ||||1| spa d
020 _a84-249-2552-1
080 _a821.124-6"-00"
100 1 _aOvidio Nasón, Publio.
_988013
245 1 0 _aCartas de las heroínas ; Ibis /
_cOvidio ; traducciones y notas de Ana Pérez Vega.
260 _aMadrid :
_bGredos,
_c[2001]
300 _a232 p. ;
_c20 cm.
490 1 _aBiblioteca básica Gredos ;
_v69
700 1 _aPérez Vega, Ana.
_991195
740 0 _aIbis.
830 0 _aBiblioteca básica Gredos ;
_v69
_9184074
852 _aES-MaACL
_jE-10616
_bR.134821
999 _c88776
_d88776